| 000 | 00748nam a2200217Ia 4500 | ||
|---|---|---|---|
| 005 | 20220915102751.0 | ||
| 008 | 210716s2010 xx 000 0 und d | ||
| 020 | _a9789350231470 | ||
| 040 | _cAIMIT LIBRARY | ||
| 041 | _aeng | ||
| 082 |
_a005.3622 _21 _bBONB |
||
| 100 |
_aBondari, Brian. _957548 |
||
| 245 |
_aWord press 2.9 e commerce : _bbuild a proficient online store to sell products and services / _cBy Brian Bondari. |
||
| 250 | _a1st ed. | ||
| 260 |
_aNew Delhi : _bShroff Publishers and Distributors Pvt Ltd , _c2010. |
||
| 300 |
_avii,266,7 p. ; _c23.7 cm. |
||
| 650 |
_aGetting ready to sell _957549 |
||
| 650 |
_aManaging your product catalog _957550 |
||
| 650 |
_aUser accounts _957551 |
||
| 942 |
_2ddc _cBK _e1st _k005.3622 BONB |
||
| 999 |
_c194837 _d194837 |
||